[Event "58th ch-RUS Semi-Final"]
[Site "Kazan RUS"]
[Date "2005.09.05"]
[Round "3"]
[White "Jakovenko,D"]
[Black "Tomashevsky,E"]
[Result "1-0"]
[WhiteElo "2627"]
[BlackElo "2555"]
[EventDate "2005.09.03"]

1. e4 e5 2. Nf3 Nc6 3. Bb5 a6 4. Ba4 Nf6 5. O-O b5 6. Bb3 Bb7 7. Re1 Bc5 8.
c3 d6 9. d4 Bb6 10. Be3 O-O 11. Nbd2 h6 12. h3 Rb8 13. a3 Re8 14. Bc2 Na7
15. Qb1 Nc8 16. a4 c5 17. d5 c4 18. Nf1 Bxe3 19. Nxe3 Nb6 20. axb5 axb5 21.
b3 cxb3 22. Qxb3 Nbd7 23. Qb4 Nc5 24. Nd2 Bc8 25. Reb1 Qc7 26. Nb3 Na4 27.
Nd1 Bd7 28. Bd3 Rec8 29. Rc1 Kf8 30. Kh2 Ne8 31. Ne3 Nc5 32. Be2 Nf6 33.
Nxc5 Qxc5 34. Bd3 Ne8 35. Rab1 Ke7 36. Qb2 Nf6 37. Qe2 Kf8 38. Rb3 Rb6 39.
Rcb1 Ra8 40. Qb2 Rab8 41. Rb4 Ne8 42. c4 Nc7 43. cxb5 Bxb5 44. Bf1 R6b7 45.
Rc1 Bxf1 46. Rxb7 Rxb7 47. Qxb7 Qxc1 48. Qc8+ Ke7 49. Nf5+ Kf6 50. Qf8 Qf4+
51. Kg1 Ne8 52. Qxe8 Bd3 53. Qd8+ Kg6 54. Qxd6+ Kh7 55. Ne3 Qxe4 56. Qe7 f5
57. d6 Qb4 58. Qxe5 f4 59. d7 fxe3 60. fxe3 Qf8 61. Qd4 1-0

[Event "58th ch-RUS Semi-Final"]
[Site "Kazan RUS"]
[Date "2005.09.05"]
[Round "3"]
[White "Yemelin,V"]
[Black "Smirnov,P"]
[Result "1/2-1/2"]
[WhiteElo "2530"]
[BlackElo "2635"]
[EventDate "2005.09.03"]

1. e4 c5 2. Nf3 Nc6 3. d4 cxd4 4. Nxd4 Nf6 5. Nc3 e5 6. Ndb5 d6 7. Bg5 a6
8. Na3 b5 9. Nd5 Be7 10. Bxf6 Bxf6 11. c3 O-O 12. Nc2 Rb8 13. h4 Be7 14.
Bd3 Be6 15. Nce3 Qd7 16. Qf3 Bd8 17. Rd1 Ne7 18. Bc2 b4 19. Bb3 bxc3 20.
bxc3 Bb6 21. Nxe7+ Qxe7 22. Nf5 Bxf5 23. Qxf5 Bc5 1/2-1/2

[Event "58th ch-RUS Semi-Final"]
[Site "Kazan RUS"]
[Date "2005.09.05"]
[Round "3"]
[White "Bezgodov,A"]
[Black "Alekseev,Evgeny"]
[Result "1/2-1/2"]
[WhiteElo "2548"]
[BlackElo "2625"]
[EventDate "2005.09.03"]

1. e4 c5 2. Nf3 Nc6 3. d4 cxd4 4. Nxd4 Nf6 5. Nc3 e5 6. Ndb5 d6 7. Bg5 a6
8. Na3 b5 9. Bxf6 gxf6 10. Nd5 f5 11. Bd3 Be6 12. O-O Bxd5 13. exd5 Ne7 14.
Re1 Bg7 15. Rb1 O-O 16. c4 e4 17. Bf1 bxc4 18. Nxc4 Rb8 19. f3 Rb5 20. fxe4
fxe4 21. Rxe4 Rxd5 22. Qf3 Rf5 23. Qg3 d5 24. Rg4 Ng6 25. Ne3 Qb6 26. Kh1
Re5 27. Nc2 f5 28. Rb4 Qc5 29. Bd3 f4 30. Qh3 Re7 31. Rf1 Be5 32. a3 Rf6
33. Ne1 Qe3 34. Qf3 Rd6 35. Qd1 Kg7 36. Rb3 Qa7 37. Bb1 Qd4 38. Nd3 a5 39.
Bc2 Bf6 40. Rb5 Rde6 41. Qf3 Re2 42. Rxd5 Qe3 43. Bb1 Qxf3 44. gxf3 Bxb2
45. Rxa5 1/2-1/2

[Event "58th ch-RUS Semi-Final"]
[Site "Kazan RUS"]
[Date "2005.09.05"]
[Round "3"]
[White "Filippov,Va"]
[Black "Savchenko,B"]
[Result "0-1"]
[WhiteElo "2621"]
[BlackElo "2534"]
[EventDate "2005.09.03"]

1. Nf3 Nf6 2. c4 c5 3. Nc3 g6 4. d4 cxd4 5. Nxd4 Bg7 6. e4 Nc6 7. Be3 O-O
8. Be2 d6 9. O-O Bd7 10. Qd2 Nxd4 11. Bxd4 Bc6 12. f3 a5 13. b3 Nd7 14. Be3
Nc5 15. Rab1 Qb6 16. Rfc1 Rfc8 17. Rc2 Qd8 18. a3 h5 19. b4 axb4 20. axb4
Ne6 21. Rd1 Ra3 22. c5 Qf8 23. Bc4 dxc5 24. Bxe6 fxe6 25. bxc5 Rca8 26.
Rcc1 Rb3 27. Bg5 Raa3 28. Nb1 Ra1 29. Qc2 Ba4 30. Qc4 Rbxb1 31. Rxb1 Bxd1
32. Qxe6+ Qf7 33. Qc8+ Kh7 34. Rxa1 Bd4+ 35. Kh1 Qxf3 0-1

[Event "58th ch-RUS Semi-Final"]
[Site "Kazan RUS"]
[Date "2005.09.05"]
[Round "3"]
[White "Khairullin,I"]
[Black "Tregubov,P"]
[Result "1-0"]
[WhiteElo "2538"]
[BlackElo "2607"]
[EventDate "2005.09.03"]

1. e4 c5 2. Nf3 e6 3. d4 cxd4 4. Nxd4 Nc6 5. Nc3 Qc7 6. Be3 a6 7. Qd2 Nf6
8. O-O-O Bb4 9. f3 Na5 10. Kb1 Bxc3 11. bxc3 Nc4 12. Bxc4 Qxc4 13. Bf4 d5
14. Be5 O-O 15. Bxf6 gxf6 16. e5 Qc7 17. Rhe1 Qe7 18. Qf4 fxe5 19. Qxe5 Rd8
20. f4 f6 21. Qe3 Qf7 22. Nxe6 Bxe6 23. Qxe6 Qxe6 24. Rxe6 Kf7 25. Rb6 Rd7
26. Re1 Rc8 27. Ree6 Rxc3 28. Rxf6+ Kg7 29. Rfd6 Rdc7 30. Rxd5 Rxc2 31.
Rd7+ Kg8 32. Rxc7 Rxc7 33. Rd6 Rc4 34. g3 Rb4+ 35. Kc2 Rb5 36. Rd2 Kf7 37.
Kc3 Rc5+ 38. Kd4 Rb5 39. Rc2 Kf6 40. Rc7 h6 41. Rc2 Kg6 42. g4 Rb1 43. Ke4
Re1+ 44. Kf3 h5 45. g5 Rf1+ 46. Rf2 Rc1 47. Re2 Rf1+ 48. Kg3 Rg1+ 49. Kf2
Rh1 50. Re6+ Kf5 51. Rf6+ Kg4 52. g6 Rxh2+ 53. Ke3 Rg2 54. Rf8 Kh3 55. f5
b5 56. Rh8 h4 57. Kf4 b4 58. Ke5 a5 59. Kf6 1-0

[Event "58th ch-RUS Semi-Final"]
[Site "Kazan RUS"]
[Date "2005.09.05"]
[Round "3"]
[White "Vitiugov,N"]
[Black "Belov,Vl"]
[Result "1/2-1/2"]
[WhiteElo "2519"]
[BlackElo "2596"]
[EventDate "2005.09.03"]

1. d4 Nf6 2. c4 e6 3. Nf3 b6 4. a3 Ba6 5. Qc2 Bb7 6. Nc3 c5 7. e4 cxd4 8.
Nxd4 Bc5 9. Nb3 Nc6 10. Bg5 h6 11. Bh4 Nd4 12. Nxd4 Bxd4 13. Bd3 Qb8 14.
Bg3 Be5 15. O-O-O O-O 16. Kb1 Rc8 17. Qe2 d6 18. Bxe5 dxe5 19. Qe3 Qc7 20.
Be2 Ba6 21. Rc1 Qb7 22. b3 Qe7 23. Kb2 Bb7 24. g4 Rd8 25. Rcd1 Nh7 26. h4
Rxd1 27. Bxd1 Rd8 28. Bc2 Bc6 29. Ne2 Qf6 30. f3 g5 31. h5 Nf8 32. Rd1 Rxd1
33. Bxd1 Nd7 34. b4 a5 35. Nc1 axb4 36. axb4 Qe7 37. Nd3 Qd6 38. Kc3 Kf8
39. Bb3 Ke7 40. Qf2 Kd8 41. c5 bxc5 42. bxc5 Qc7 43. Qa2 Ke7 44. Bc4 Kd8
45. Qa3 f5 46. Bxe6 fxe4 47. Bxd7 Kxd7 48. fxe4 Bxe4 49. Qa4+ Bc6 50. Qa2
Ke7 51. Nb4 Bf3 52. Qf2 Bb7 53. Kc4 Qc8 54. c6 Bxc6 55. Qc5+ Kd7 56. Qxe5
Bf3+ 57. Kd4 Qb7 58. Nd3 Qc6 59. Qf5+ Ke8 60. Qe5+ Kf7 61. Qf5+ 1/2-1/2

[Event "58th ch-RUS Semi-Final"]
[Site "Kazan RUS"]
[Date "2005.09.05"]
[Round "3"]
[White "Chuprov,D"]
[Black "Khismatullin,D"]
[Result "1-0"]
[WhiteElo "2477"]
[BlackElo "2583"]
[EventDate "2005.09.03"]

1. d4 Nf6 2. Nf3 e6 3. c4 b6 4. Nc3 Bb7 5. Bg5 h6 6. Bh4 Be7 7. e3 c5 8.
dxc5 bxc5 9. Bd3 Nc6 10. O-O d6 11. Bc2 g5 12. Bg3 h5 13. Nb5 g4 14. Ne1
Ne5 15. Bxe5 dxe5 16. Qxd8+ Kxd8 17. Rd1+ Kc8 18. f3 gxf3 19. Nxf3 Ng4 20.
Ng5 Bxg5 21. Rxf7 Kb8 22. Rdd7 Bc6 23. Nd6 Bxe3+ 24. Kf1 Bxd7 25. Rxd7 Rf8+
26. Ke1 1-0

[Event "58th ch-RUS Semi-Final"]
[Site "Kazan RUS"]
[Date "2005.09.05"]
[Round "3"]
[White "Bocharov,D"]
[Black "Loginov,Va"]
[Result "1-0"]
[WhiteElo "2574"]
[BlackElo "2527"]
[EventDate "2005.09.03"]

1. d4 Nf6 2. c4 g6 3. Nf3 Bg7 4. g3 O-O 5. Bg2 d6 6. O-O c6 7. Nc3 Bf5 8.
Re1 Ne4 9. Qb3 Nxc3 10. bxc3 Bc8 11. e4 Nd7 12. a4 e5 13. Bg5 Qc7 14. Rad1
Re8 15. h4 h6 16. Bc1 c5 17. Qa2 Nf6 18. dxe5 dxe5 19. Nh2 Bd7 20. a5 Re6
21. f4 Ra6 22. fxe5 Ng4 23. Bf4 Nxe5 24. Nf1 Bg4 25. Ra1 Be6 26. Ne3 g5 27.
hxg5 hxg5 28. Bxg5 Nd3 29. Red1 Qxg3 30. Rxd3 Qxg5 31. Rf1 Rd8 32. Nd5 Bxd5
33. cxd5 Rh6 34. Rf5 Qc1+ 35. Rf1 Qg5 36. Qf2 Be5 37. Qxf7+ Kh8 38. Qf5 Qg7
39. Rh3 Bxc3 40. Rff3 Bd4+ 41. Kh1 Rdd6 42. e5 Bxe5 43. Qc8+ Kh7 44. Rb3
Rxh3+ 45. Rxh3+ Kg6 46. Qe8+ Kg5 47. Rh5+ Kf4 48. Qa4+ Bd4 49. Qc2 Qe7 50.
Rf5+ Kg3 51. Qd3+ 1-0

[Event "58th ch-RUS Semi-Final"]
[Site "Kazan RUS"]
[Date "2005.09.05"]
[Round "3"]
[White "Sorokin,M"]
[Black "Iljin,A"]
[Result "1/2-1/2"]
[WhiteElo "2567"]
[BlackElo "2500"]
[EventDate "2005.09.03"]

1. d4 Nf6 2. c4 e6 3. Nc3 Bb4 4. e3 O-O 5. Nge2 d5 6. a3 Be7 7. cxd5 Nxd5
8. Bd2 Nd7 9. g3 N5f6 10. Bg2 e5 11. O-O exd4 12. Nxd4 Ne5 13. Qc2 c5 14.
Nf3 Qd3 15. Qb1 Nxf3+ 16. Bxf3 Bf5 17. Qxd3 Bxd3 18. Rfc1 Rad8 19. b4 b6
20. bxc5 bxc5 21. Be1 Rb8 22. Nd5 Nxd5 1/2-1/2

[Event "58th ch-RUS Semi-Final"]
[Site "Kazan RUS"]
[Date "2005.09.05"]
[Round "3"]
[White "Obolenskikh,D"]
[Black "Magomedov,Ma"]
[Result "1/2-1/2"]
[WhiteElo "2437"]
[BlackElo "2565"]
[EventDate "2005.09.03"]

1. e4 c5 2. Nf3 d6 3. d4 cxd4 4. Nxd4 Nf6 5. Nc3 Nc6 6. f3 e5 7. Nb3 Be6 8.
Nd5 Be7 9. c4 O-O 10. Be3 Nd7 11. Qd2 Nc5 12. Be2 Bxd5 13. cxd5 Nxb3 14.
axb3 Nd4 15. Bxd4 exd4 16. Bd3 f5 17. exf5 Bg5 18. f4 Re8+ 19. Kf2 Bf6 20.
Rhe1 Re3 21. Rxe3 dxe3+ 22. Qxe3 Bxb2 23. Rxa7 Rxa7 24. Qxa7 b6 25. Qa4 Bf6
26. Qe4 h6 27. Kf3 Qc7 28. Kg4 Kh7 29. b4 Qc1 30. Qe2 Qg1 31. g3 Qd4 32.
Bb5 Qxd5 33. Be8 Kh8 34. Bg6 Qa8 35. Kh5 d5 36. g4 Qd8 37. Qd2 d4 38. g5
Be7 39. b5 d3 40. f6 gxf6 41. Qxd3 1/2-1/2

[Event "58th ch-RUS Semi-Final"]
[Site "Kazan RUS"]
[Date "2005.09.05"]
[Round "3"]
[White "Gavrilov,Al1"]
[Black "Yakovich,Yur"]
[Result "0-1"]
[WhiteElo "2464"]
[BlackElo "2560"]
[EventDate "2005.09.03"]

1. d4 Nf6 2. c4 e6 3. Nf3 d5 4. Nc3 dxc4 5. e4 Bb4 6. Bg5 b5 7. e5 h6 8.
exf6 hxg5 9. fxg7 Rg8 10. h4 g4 11. h5 Rxg7 12. Ne5 f5 13. Qd2 Bb7 14. Qh6
Qe7 15. a4 a6 16. Ng6 Rh7 17. Qe3 Qd6 18. Nf4 Nd7 19. axb5 axb5 20. Rxa8+
Bxa8 21. Be2 Kf7 22. f3 c5 23. dxc5 Bxc5 24. Nxb5 Bxe3 25. Nxd6+ Ke7 26.
Nc8+ Kd8 27. Nxe6+ Kxc8 28. Bxc4 gxf3 29. gxf3 Ne5 30. Ba6+ Kb8 31. Rh3 Rh6
32. f4 Nf3+ 33. Kf1 Rxe6 34. h6 Rxa6 35. h7 Ra1+ 36. Ke2 Re1+ 37. Kd3 Be4+
38. Kc4 Rc1+ 39. Kb5 Bd4 0-1

[Event "58th ch-RUS Semi-Final"]
[Site "Kazan RUS"]
[Date "2005.09.05"]
[Round "3"]
[White "Pokazanjev,N"]
[Black "Kurnosov,I"]
[Result "0-1"]
[WhiteElo "2410"]
[BlackElo "2549"]
[EventDate "2005.09.03"]

1. e4 c6 2. d4 d5 3. exd5 cxd5 4. c4 Nf6 5. Nc3 g6 6. cxd5 Nxd5 7. Bc4 Nb6
8. Bb3 Bg7 9. Nge2 O-O 10. d5 N8d7 11. Be3 Ne5 12. Bd4 Bg4 13. f3 Bd7 14.
f4 Ng4 15. h3 Bxd4 16. Nxd4 Nf6 17. O-O Nc8 18. f5 Nd6 19. fxg6 hxg6 20.
Qd2 Qb6 21. Rae1 Rae8 22. Qf2 Nh5 23. Re5 f6 24. Rxh5 gxh5 25. Bd1 Rf7 26.
Bxh5 Rg7 27. Kh2 Rc8 28. Ne6 Qxf2 29. Rxf2 Rh7 30. Bg6 Rh6 31. Nf4 f5 32.
Bh5 Rc4 33. Be2 Rd4 34. Bd3 Ne4 35. Bxe4 fxe4 36. Re2 e3 37. Kg3 Rf6 38.
Nh5 Rf5 0-1

[Event "58th ch-RUS Semi-Final"]
[Site "Kazan RUS"]
[Date "2005.09.05"]
[Round "3"]
[White "Tseshkovsky,V"]
[Black "Chebotarev,O"]
[Result "1/2-1/2"]
[WhiteElo "2599"]
[BlackElo "2517"]
[EventDate "2005.09.03"]

1. e4 e6 2. d4 d5 3. Nc3 Nf6 4. Bg5 dxe4 5. Nxe4 Be7 6. Bxf6 gxf6 7. Nf3 a6
8. g3 f5 9. Nc3 b5 10. Bg2 Bb7 11. O-O c5 12. dxc5 Qxd1 13. Rfxd1 Bxc5 14.
Ne5 Ra7 15. Rd3 Bxg2 16. Kxg2 Ke7 17. Rad1 Rc8 18. Ne2 f6 19. Nf3 Nd7 20.
Nf4 Ne5 21. R3d2 Nxf3 22. Kxf3 e5 23. Nd5+ Ke6 24. c3 a5 25. a3 Bf8 26. Ke2
h5 27. h4 Ra6 28. Ne3 b4 29. axb4 axb4 30. Rd8 Rxd8 31. Rxd8 Be7 32. Rb8
bxc3 33. bxc3 Ra2+ 34. Ke1 Bc5 35. Nd1 Kd5 36. Rb2 Ra4 37. Ke2 f4 38. Rd2+
Ke4 39. gxf4 Kxf4 40. Nb2 Re4+ 41. Kf1 Kf5 42. Nd3 Bf8 43. Rc2 Rxh4 44. c4
Rd4 45. Nc1 h4 46. Kg2 Rg4+ 47. Kh3 Rf4 48. c5 Rf3+ 49. Kg2 e4 50. c6 h3+
51. Kh1 Bd6 52. Ne2 Kg4 53. Ng1 Rf5 54. c7 Bxc7 55. Rxc7 Rxf2 56. Rg7+ Kh4
57. Rh7+ Kg3 58. Rg7+ Kh4 59. Rh7+ Kg4 60. Rg7+ Kf5 61. Nxh3 Ra2 62. Kg1
Ke5 63. Kf1 f5 64. Rb7 e3 65. Rb4 Rh2 66. Ng1 Rf2+ 67. Ke1 f4 68. Nh3 Rf3
1/2-1/2

[Event "58th ch-RUS Semi-Final"]
[Site "Kazan RUS"]
[Date "2005.09.05"]
[Round "3"]
[White "Lugovoi,A"]
[Black "Yandemirov,V"]
[Result "1-0"]
[WhiteElo "2556"]
[BlackElo "2515"]
[EventDate "2005.09.03"]

1. d4 Nf6 2. c4 g6 3. Nc3 d5 4. Nf3 Bg7 5. Qb3 dxc4 6. Qxc4 O-O 7. e4 Na6
8. Be2 c5 9. d5 e6 10. O-O exd5 11. exd5 b5 12. Nxb5 Qxd5 13. Bf4 Be6 14.
Qc1 Qb7 15. Bh6 Bd5 16. Nh4 Qb6 17. Nc3 Nc7 18. Bxg7 Kxg7 19. Qg5 Rfe8 20.
Nf5+ Kh8 21. Ne3 Ne4 22. Nxe4 Bxe4 23. b3 Ne6 24. Qf6+ Ng7 25. Qxf7 Rf8 26.
Qc4 Bb7 27. Qc3 Rad8 28. Rac1 Rfe8 29. Rfd1 Rd4 30. Qxc5 Qxc5 31. Rxc5
Rxd1+ 32. Bxd1 Nf5 33. Rc7 Re7 34. Rxe7 Nxe7 35. f4 Kg7 36. Kf2 Kf6 37. Bf3
Bc8 38. Nd5+ Nxd5 39. Bxd5 g5 40. Ke3 1-0

[Event "58th ch-RUS Semi-Final"]
[Site "Kazan RUS"]
[Date "2005.09.05"]
[Round "3"]
[White "Vorobiov,E"]
[Black "Grebionkin,Vl"]
[Result "1-0"]
[WhiteElo "2552"]
[BlackElo "2438"]
[EventDate "2005.09.03"]

1. d4 Nf6 2. c4 g6 3. Nc3 d5 4. Nf3 Bg7 5. Qb3 dxc4 6. Qxc4 O-O 7. e4 a6 8.
Be2 b5 9. Qb3 c5 10. dxc5 Bb7 11. O-O Nxe4 12. Nxe4 Bxe4 13. Bf4 Bd5 14.
Qe3 Bxb2 15. Rad1 e6 16. Bd6 Nc6 17. Bxf8 Qxf8 18. Ng5 Bf6 19. Ne4 Be7 20.
Qf4 e5 21. Qe3 Nd4 22. Kh1 Bxa2 23. Rd2 Be6 24. Rfd1 Rc8 25. f4 Qh6 26. Bf1
Nb3 27. Rd7 Qf8 28. c6 Rxc6 29. Rxe7 Qxe7 30. fxe5 Bf5 31. Nf6+ Rxf6 32.
exf6 Qxf6 33. Qxb3 Bg4 34. Re1 Be6 35. Qf3 Qd8 36. Rd1 1-0

[Event "58th ch-RUS Semi-Final"]
[Site "Kazan RUS"]
[Date "2005.09.05"]
[Round "3"]
[White "Kabanov,N"]
[Black "Kosyrev,V"]
[Result "1/2-1/2"]
[WhiteElo "2508"]
[BlackElo "2540"]
[EventDate "2005.09.03"]

1. c4 e6 2. Nc3 d5 3. d4 Nf6 4. cxd5 exd5 5. Bg5 Be7 6. e3 O-O 7. Bd3 Re8
8. Nge2 Nbd7 9. O-O Nf8 10. b4 a6 11. a4 Ne6 12. Bxf6 Bxf6 13. Qc2 g6 14.
b5 a5 15. Rfd1 c6 16. Rab1 Qd6 17. bxc6 bxc6 18. Rb6 Bd7 19. Rdb1 Qf8 20.
Rb7 Bc8 21. R7b6 Bd7 22. Rb7 Bc8 23. R7b6 Bd7 1/2-1/2

[Event "58th ch-RUS Semi-Final"]
[Site "Kazan RUS"]
[Date "2005.09.05"]
[Round "3"]
[White "Balashov,Y"]
[Black "Yevseev,D"]
[Result "1/2-1/2"]
[WhiteElo "2469"]
[BlackElo "2537"]
[EventDate "2005.09.03"]

1. e4 c6 2. Nf3 d5 3. Nc3 dxe4 4. Nxe4 Nf6 5. Nxf6+ gxf6 6. d4 Bg4 7. Be2
Qc7 8. Be3 Nd7 9. h3 Bh5 10. O-O O-O-O 11. Nh4 Bxe2 12. Qxe2 e6 13. c4 Kb8
14. Qh5 Nb6 15. b3 Nc8 16. Rad1 Bd6 17. d5 cxd5 18. cxd5 Ne7 19. Qxf7 Nxd5
20. Qxe6 Rhe8 21. Qf5 Nxe3 22. fxe3 Qc3 23. Qf2 1/2-1/2

[Event "58th ch-RUS Semi-Final"]
[Site "Kazan RUS"]
[Date "2005.09.05"]
[Round "3"]
[White "Najer,E"]
[Black "Bryzgalin,K"]
[Result "1/2-1/2"]
[WhiteElo "2614"]
[BlackElo "2480"]
[EventDate "2005.09.03"]

1. d4 d5 2. c4 c6 3. Nc3 Nf6 4. Nf3 a6 5. c5 Bf5 6. Qb3 Qc8 7. Bf4 Nbd7 8.
h3 e6 9. e3 Be7 10. Be2 O-O 11. g4 Bg6 12. Rg1 b6 13. cxb6 Qb7 14. h4 h6
15. g5 hxg5 16. hxg5 Ne4 17. Nh4 Bh7 18. g6 Bxh4 19. Nxe4 dxe4 20. gxh7+
Kh8 21. Bd6 Rfc8 22. Rg4 Bd8 23. Rxe4 Nf6 24. Rf4 Nd5 25. Rg4 Bxb6 26. Rc1
Qd7 27. Be5 f6 28. Bh2 Bc7 29. Bxc7 Rxc7 30. Rc5 f5 31. Rg2 Qe7 32. Bf3 Rd8
33. Kf1 g5 34. Bxd5 exd5 35. Qc2 Qf6 36. Qe2 Rf8 37. Qh5 Rg7 38. Kg1 Rg6
39. Rc3 g4 40. Qh2 f4 41. Qxf4 Qxf4 42. exf4 Rxf4 43. Rh2 Rgf6 44. Ra3 Rxd4
45. Rxa6 Rf8 46. Rxc6 Rd1+ 47. Kg2 Rd2 48. Kg3 Rxb2 49. a4 Rb3+ 50. Kh4
Rh3+ 51. Rxh3 gxh3 52. Kxh3 Rxf2 53. a5 Kxh7 54. Rd6 Ra2 55. Rxd5 Kg6 56.
Rd6+ Kf5 57. Rh6 Ke4 58. a6 1/2-1/2

[Event "58th ch-RUS Semi-Final"]
[Site "Kazan RUS"]
[Date "2005.09.06"]
[Round "4"]
[White "Timofeev,Arty"]
[Black "Inarkiev,E"]
[Result "1/2-1/2"]
[WhiteElo "2661"]
[BlackElo "2618"]
[EventDate "2005.09.03"]

1. e4 e5 2. Nf3 Nc6 3. Bb5 a6 4. Ba4 Nf6 5. O-O Be7 6. Re1 b5 7. Bb3 d6 8.
c3 O-O 9. d4 Bg4 10. Be3 Bh5 11. h3 Na5 12. dxe5 dxe5 13. Qxd8 Rfxd8 14.
Nxe5 Bd6 15. Bf4 Re8 16. Nd3 Rxe4 17. Bxd6 Rxe1+ 18. Nxe1 cxd6 19. Nd2 d5
20. Nc2 Nc4 21. Bxc4 bxc4 22. Nd4 Bg6 23. b4 cxb3 24. axb3 Bd3 25. b4 Rc8
26. f3 g5 27. N2b3 Rxc3 28. Nc5 Rc4 29. Nc6 Nd7 30. Na5 Nxc5 31. Nxc4 Nb3
32. b5 axb5 33. Ra8+ Kg7 34. Nd6 d4 35. Rb8 Bc2 36. Nxb5 d3 37. Rd8 d2 38.
Nc3 Kf6 39. Nd5+ Ke6 40. Ne3 Ke7 41. Rd5 Ke6 42. Rd8 Ke7 43. Rd5 1/2-1/2

[Event "58th ch-RUS Semi-Final"]
[Site "Kazan RUS"]
[Date "2005.09.06"]
[Round "4"]
[White "Khalifman,A"]
[Black "Bocharov,D"]
[Result "1/2-1/2"]
[WhiteElo "2653"]
[BlackElo "2574"]
[EventDate "2005.09.03"]

1. d4 Nf6 2. c4 e6 3. Nc3 Bb4 4. Qc2 c5 5. dxc5 Qc7 6. Nf3 Bxc5 7. g3 a6 8.
Bf4 d6 9. Bg2 h6 10. O-O e5 11. Bd2 Be6 12. Rac1 Nc6 13. b3 O-O 14. Nh4 Ne7
15. Nd5 Bxd5 16. cxd5 Qd7 17. b4 Bb6 18. e4 Rfc8 19. Qd3 g5 20. Nf5 Nxf5
21. exf5 Qb5 22. Qxb5 axb5 23. Rxc8+ Rxc8 24. Rc1 Rxc1+ 25. Bxc1 Ng4 26.
Bf1 Bxf2+ 27. Kg2 Be1 28. a3 Nf6 29. Bxb5 Nxd5 30. Bd3 Nf6 31. Bb2 g4 32.
Kf1 Bd2 33. Ke2 Bg5 34. a4 Kf8 35. a5 Ke7 36. b5 Kd7 37. Bc4 d5 38. a6 bxa6
39. bxa6 Kc8 40. Bb5 d4 41. Kd3 Kc7 42. Ba3 Kb6 43. Bd6 Nd5 44. Bc4 Ne3 45.
Bxf7 Nxf5 46. Bxe5 Kxa6 47. Ke4 Ne7 48. Bxd4 Kb7 49. Bh5 Kc7 50. Bxg4 Kd8
51. Bh5 Kd7 52. Bf7 Nc6 53. Bc5 Nd8 54. Bd5 Ne6 55. Bb4 Ng7 56. Bc3 Ne8 57.
Kf5 Ke7 58. Kg6 Be3 59. Be5 Bd2 60. Bc6 Ke6 61. Bb2 Nd6 62. Bg7 Nc4 63. Be4
Ne5+ 64. Kh5 Nd7 65. Bg6 Nf6+ 66. Kh4 Ke7 67. Kh3 Bc1 68. Kg2 Bd2 69. Kf3
Bg5 70. h3 Bc1 71. Ke2 Bg5 72. h4 Bc1 73. Kd3 Ke6 74. Ke2 Ke7 75. Kf2 Bd2
76. Kf3 Ke6 77. Ke2 Bc1 78. Bf8 Nd7 79. Bb4 Kf6 80. Be4 Bb2 81. Bd2 Kg7 82.
Kf3 Nf6 83. Bf5 Be5 84. Bd3 Bd4 85. Kf4 Bb2 86. Kf5 Bd4 87. Be2 Bb2 88. Bf3
Bd4 89. Bf4 Bb2 90. Ke6 Bc3 91. Bd1 Bd4 92. Bc2 Bc3 93. Bf5 Bd4 94. g4
1/2-1/2

[Event "58th ch-RUS Semi-Final"]
[Site "Kazan RUS"]
[Date "2005.09.06"]
[Round "4"]
[White "Yakovich,Yur"]
[Black "Tkachiev,V"]
[Result "1/2-1/2"]
[WhiteElo "2560"]
[BlackElo "2625"]
[EventDate "2005.09.03"]

1. Nf3 d5 2. d4 Nf6 3. c4 c6 4. e3 e6 5. Bd3 dxc4 6. Bxc4 Nbd7 7. O-O Bd6
8. Nbd2 O-O 9. Be2 c5 10. Nc4 Be7 11. b3 b6 12. Bb2 1/2-1/2

[Event "58th ch-RUS Semi-Final"]
[Site "Kazan RUS"]
[Date "2005.09.06"]
[Round "4"]
[White "Kurnosov,I"]
[Black "Najer,E"]
[Result "1/2-1/2"]
[WhiteElo "2549"]
[BlackElo "2614"]
[EventDate "2005.09.03"]

1. e4 e6 2. d4 d5 3. Nd2 c5 4. Ngf3 cxd4 5. exd5 Qxd5 6. Bc4 Qd6 7. O-O Nf6
8. Re1 Nc6 9. Ne4 Nxe4 10. Rxe4 Be7 11. Nxd4 e5 12. Bf4 exf4 13. Nxc6 Qxd1+
14. Rxd1 bxc6 15. Rde1 Kf8 16. Rxe7 Be6 17. R1xe6 fxe6 18. Rc7 h5 19. Kf1
Rh6 20. Rxc6 Re8 21. Rc7 Re7 22. Rc8+ Re8 23. Rc7 Re7 24. Rc8+ 1/2-1/2

[Event "58th ch-RUS Semi-Final"]
[Site "Kazan RUS"]
[Date "2005.09.06"]
[Round "4"]
[White "Savchenko,B"]
[Black "Korotylev,A"]
[Result "0-1"]
[WhiteElo "2534"]
[BlackElo "2604"]
[EventDate "2005.09.03"]

1. e4 c5 2. Nf3 Nc6 3. Nc3 d6 4. d4 cxd4 5. Nxd4 Nf6 6. Bc4 Qb6 7. Nb3 e6
8. Qe2 Be7 9. g4 a6 10. Be3 Qc7 11. f4 b5 12. Bd3 Bb7 13. O-O-O Nb4 14. g5
Nxd3+ 15. Qxd3 Nd7 16. Qd4 O-O 17. f5 exf5 18. exf5 Bxh1 19. Rxh1 Rfc8 20.
Qe4 Bf8 21. Bd4 Nc5 22. Nxc5 dxc5 23. Nd5 Qd6 24. Be5 Re8 25. Re1 Qd8 26.
Qg2 Ra7 27. b3 c4 28. g6 fxg6 29. fxg6 h6 30. Qf2 Ba3+ 31. Kb1 Rd7 32. b4
Rf8 33. Qe3 Rxd5 34. Qxa3 Rd1+ 35. Rxd1 Qxd1+ 36. Kb2 Rf2 37. Qc3 Rf1 38.
Qe3 0-1

[Event "58th ch-RUS Semi-Final"]
[Site "Kazan RUS"]
[Date "2005.09.06"]
[Round "4"]
[White "Chuprov,D"]
[Black "Epishin,V"]
[Result "1-0"]
[WhiteElo "2477"]
[BlackElo "2600"]
[EventDate "2005.09.03"]

1. e4 c5 2. Nf3 e6 3. d4 cxd4 4. Nxd4 a6 5. Bd3 Bc5 6. Nb3 Be7 7. Qg4 g6 8.
Qe2 d6 9. O-O Nd7 10. Nc3 Ne5 11. Kh1 Nf6 12. Bh6 Nfg4 13. Bd2 h5 14. f4
Nxd3 15. cxd3 Bd7 16. f5 gxf5 17. exf5 e5 18. Nd5 Bc6 19. Ba5 Qb8 20. Nc7+
Kf8 21. Nxa8 Qxa8 22. Nd2 d5 23. Bb6 Qb8 24. Bg1 Bf6 25. Rf3 Rh7 26. Rh3
Qc8 27. Rf1 Bb5 28. Qd1 Qc6 29. Nb3 Be7 30. Rff3 b6 31. Rfg3 Nf6 32. Qe1
Qd6 33. d4 e4 34. Be3 h4 35. Rg5 Ne8 36. Rxh4 Rxh4 37. Qxh4 Bxg5 38. Bxg5
f6 39. Bf4 Qb4 40. h3 Ke7 41. Qh7+ Kd8 42. Qb7 Bc4 43. Bb8 Bxb3 44. axb3
Qb5 45. Kg1 Qxb3 46. Kh2 Qc4 47. Qxb6+ Ke7 48. Qe6+ Kf8 49. Bf4 Qxd4 50.
Bh6+ Ng7 51. Qc8+ Ke7 52. Qc7+ Ke8 53. Bxg7 e3 54. Qc8+ Ke7 55. Qe6+ 1-0

[Event "58th ch-RUS Semi-Final"]
[Site "Kazan RUS"]
[Date "2005.09.06"]
[Round "4"]
[White "Bryzgalin,K"]
[Black "Galkin,A"]
[Result "1/2-1/2"]
[WhiteElo "2480"]
[BlackElo "2598"]
[EventDate "2005.09.03"]

1. e4 c6 2. d4 d5 3. Nd2 dxe4 4. Nxe4 Nd7 5. Nf3 Ngf6 6. Ng3 g6 7. Be2 Bg7
8. O-O O-O 9. c3 b6 10. Bf4 Bb7 11. c4 1/2-1/2

[Event "58th ch-RUS Semi-Final"]
[Site "Kazan RUS"]
[Date "2005.09.06"]
[Round "4"]
[White "Lugovoi,A"]
[Black "Bareev,E"]
[Result "0-1"]
[WhiteElo "2556"]
[BlackElo "2688"]
[EventDate "2005.09.03"]

1. d4 d5 2. c4 c6 3. Nf3 Nf6 4. Nc3 dxc4 5. a4 Bf5 6. e3 e6 7. Bxc4 Bb4 8.
O-O O-O 9. Qe2 Ne4 10. Na2 Be7 11. Bd3 Ng5 12. Ne5 Bxd3 13. Qxd3 f6 14. Nc4
c5 15. f4 Nf7 16. f5 exf5 17. Rxf5 Nc6 18. d5 Nce5 19. Nxe5 Nxe5 20. Qd1
Qd7 21. e4 Rfe8 22. Nc3 Nf7 23. Qd3 c4 24. Qg3 Bc5+ 25. Kh1 Rxe4 26. Rf1
Rd4 27. Be3 Rd3 28. Ne4 Bd4 29. Rf3 Qxd5 30. Bxd4 Qxd4 31. Nxf6+ Qxf6 32.
Rxf6 Rxg3 33. Rxf7 Kxf7 34. hxg3 Rc8 35. Re1 Rc6 36. Re4 a6 37. a5 Rc5 38.
g4 Rxa5 39. Rxc4 Rb5 40. b4 Ke6 41. Kh2 g5 0-1

[Event "58th ch-RUS Semi-Final"]
[Site "Kazan RUS"]
[Date "2005.09.06"]
[Round "4"]
[White "Smirnov,P"]
[Black "Vorobiov,E"]
[Result "1-0"]
[WhiteElo "2635"]
[BlackElo "2552"]
[EventDate "2005.09.03"]

1. d4 c5 2. d5 e5 3. e4 d6 4. Nc3 Nd7 5. Be2 a6 6. a4 g6 7. Nf3 Bg7 8. Nd2
Ne7 9. Nc4 Nb6 10. Ne3 f5 11. a5 f4 12. axb6 fxe3 13. Bxe3 Qxb6 14. Bb5+
Bd7 15. Bxd7+ Kxd7 16. O-O Qd8 17. b4 cxb4 18. Na4 Nc8 19. c4 bxc3 20. Qb3
Rb8 21. Nxc3 Ke8 22. Rxa6 Rf8 23. Raa1 Rf7 24. Nb5 Rd7 25. Rfc1 Ne7 26. Qd3
Kf7 27. Ba7 Ra8 28. Qh3 Nc8 29. Be3 Rxa1 30. Rxa1 1-0